| 000 | 00657cam a22002291 4500 | ||
|---|---|---|---|
| 001 | sa 65010576 | ||
| 003 | DLC | ||
| 005 | 20260227112209.0 | ||
| 008 | 961010s1952 pk 000 0 pusr | ||
| 010 | _asa 65010576 | ||
| 025 | _aPL480:P-Pushto-80 | ||
| 035 | _a(OCoLC)35713101 | ||
| 040 |
_aDLC _cCLU _dCLU _dDLC |
||
| 042 | _apremarc | ||
| 050 | 0 | 0 |
_aPK6820.M26 _bD35 |
| 100 | 1 | _aMaftūn, Muḥammad Ashraf Khān. | |
| 245 | 1 | 0 |
_aDa Zhwand sandarah: _cMuḥammad Ashrāf Maftūn. |
| 246 | 0 |
_iBinder's title: _aDa jhuand sandarah |
|
| 260 |
_aPishāwar, _bIdārah-yi Ishāʻat-i Sarḥad, _c1952. |
||
| 300 |
_a27, 109 p. _c19 cm. |
||
| 500 | _aPoems. | ||
| 999 |
_c66835 _d66835 |
||